[Event "Krakow-ch 3rd"]
[Site "Krakow"]
[Date "2012.08.12"]
[Round "5.3"]
[White "Brzeski, Maciej"]
[Black "Jahncke, Giso"]
[Result "1/2-1/2"]
[WhiteElo "2314"]
[BlackElo "2154"]
[PlyCount "99"]
[EventDate "2012.08.08"]
[EventType "swiss"]
[EventRounds "9"]
[EventCountry "POL"]
[SourceTitle "EXT 2023"]
[Source "ChessBase"]
[SourceDate "2022.10.05"]
[SourceVersion "1"]
[SourceVersionDate "2022.10.05"]
[SourceQuality "1"]

1. e4 c5 2. Nf3 Nc6 3. d4 cxd4 4. Nxd4 Nf6 5. Nc3 e5 6. Ndb5 d6 7. Bg5 a6 8. Na3 b5 9. Nd5 Be7 10. Bxf6 Bxf6 11. c3 0-0 12. Nc2 Rb8 13. h4 Be7 14. Nce3 Be6 15. Qf3 Qd7 16. Rd1 Bd8 17. Be2 Ne7 18. h5 h6 19. 0-0 Qc8 20. Nxe7+ Bxe7 21. b3 Bg5 22. Rxd6 a5 23. Rd3 Qc5 24. Rfd1 Qa3 25. R1d2 a4 26. bxa4 Bc4 27. Rd7 Qxa4 28. Bxc4 bxc4 29. R7d5 Rb1+ 30. Kh2 Rc1 31. Qe2 Rxc3 32. Rc2 Rxc2 33. Qxc2 Qxc2 34. Nxc2 Ra8 35. a3 Be7 36. Rd7 Bxa3 37. Rc7 Ra5 38. Rxc4 Bc5 39. f3 Kh7 40. Ne1 Bd4 41. Nd3 g6 42. hxg6+ Kxg6 43. Nb4 Rc5 44. Rxc5 Bxc5 45. Nc6 Bd6 46. Na5 f5 47. Nc4 Bc7 48. Nd2 Kg5 49. Kg3 Ba5 50. Nc4 1/2-1/2

[Event "Krakow-ch 3rd"]
[Site "Krakow"]
[Date "2012.08.10"]
[Round "3.4"]
[White "Brzeski, Maciej"]
[Black "Kumor, Lukasz"]
[Result "1/2-1/2"]
[WhiteElo "2314"]
[BlackElo "2105"]
[PlyCount "93"]
[EventDate "2012.08.08"]
[EventType "swiss"]
[EventRounds "9"]
[EventCountry "POL"]
[SourceTitle "EXT 2023"]
[Source "ChessBase"]
[SourceDate "2022.10.05"]
[SourceVersion "1"]
[SourceVersionDate "2022.10.05"]
[SourceQuality "1"]

1. e4 c5 2. Nf3 Nc6 3. d4 cxd4 4. Nxd4 Nf6 5. Nc3 e5 6. Ndb5 d6 7. Bg5 a6 8. Na3 b5 9. Nd5 Be7 10. Bxf6 Bxf6 11. c4 b4 12. Nc2 Rb8 13. g3 0-0 14. b3 a5 15. h4 Be6 16. Bh3 Be7 17. Kf1 Qd7 18. Kg2 Bd8 19. Qd3 Be7 20. Rad1 Rfd8 21. f4 exf4 22. gxf4 Bxh3+ 23. Rxh3 Qe6 24. Nd4 Nxd4 25. Qxd4 Bf8 26. Rg3 Kh8 27. Rg1 Re8 28. Kf3 f5 29. Nf6 fxe4+ 30. Nxe4 Rb7 31. Qd5 Rbe7 32. Qxe6 Rxe6 33. Re1 Be7 34. Kg4 Bxh4 35. Kxh4 Rxe4 36. Rxe4 Rxe4 37. Rd3 Rxf4+ 38. Kg3 Rf5 39. Rxd6 Kg8 40. Rd7 h6 41. Rb7 Kf8 42. Ra7 g6 43. Rb7 Ke8 44. Rg7 Rf6 45. Ra7 Rf5 46. Rg7 Rf6 47. Ra7 1/2-1/2

[Event "Krakow MMK"]
[Site "Krakow"]
[Date "2011.08.13"]
[Round "9"]
[White "Brzeski, Maciej"]
[Black "De Verdier, Michael Carl Adam"]
[Result "1/2-1/2"]
[WhiteElo "2315"]
[BlackElo "2359"]
[PlyCount "68"]
[EventDate "2011.08.06"]
[EventType "tourn"]
[EventRounds "9"]
[EventCountry "POL"]
[EventCategory "4"]
[SourceTitle "CBM 143 Extra"]
[Source "ChessBase"]
[SourceDate "2011.08.29"]
[SourceVersion "1"]
[SourceVersionDate "2011.08.29"]
[SourceQuality "1"]

1. e4 e6 2. d4 d5 3. Nd2 Be7 4. Ngf3 Nf6 5. Bd3 c5 6. exd5 Qxd5 7. Bc4 Qh5 8. 0-0 0-0 9. Ne5 Qxd1 10. Rxd1 Rd8 11. Ndf3 cxd4 12. Nxd4 Bd7 13. Be3 a6 14. a4 Be8 15. a5 Nd5 16. Nf5 Bf6 17. Bxd5 Rxd5 18. Rxd5 exd5 19. Bd4 Bxe5 20. Bxe5 Nc6 21. Bc7 Bd7 22. Nd6 Nd4 23. Bb6 Nxc2 24. Rc1 Ba4 25. Kf1 Nb4 26. Rc7 Bc6 27. Rxf7 Bb5+ 28. Ke1 Re8+ 29. Nxe8 Kxf7 30. Nd6+ Ke6 31. Nxb7 Nd3+ 32. Kd2 Nxb2 33. Kc3 Nd3 34. Nc5+ Ke5 1/2-1/2

[Event "Krakow MMK"]
[Site "Krakow"]
[Date "2011.08.11"]
[Round "7"]
[White "Brzeski, Maciej"]
[Black "Druska, Juraj"]
[Result "1-0"]
[WhiteElo "2315"]
[BlackElo "2332"]
[PlyCount "87"]
[EventDate "2011.08.06"]
[EventType "tourn"]
[EventRounds "9"]
[EventCountry "POL"]
[EventCategory "4"]
[SourceTitle "CBM 143 Extra"]
[Source "ChessBase"]
[SourceDate "2011.08.29"]
[SourceVersion "1"]
[SourceVersionDate "2011.08.29"]
[SourceQuality "1"]

1. e4 c5 2. Nf3 Nc6 3. d4 cxd4 4. Nxd4 g6 5. c4 Bg7 6. Be3 Nf6 7. Nc3 0-0 8. Be2 d6 9. 0-0 a5 10. f3 Qb6 11. Na4 Qd8 12. Nb5 Be6 13. Nb6 Ra6 14. Nd5 Ne8 15. Qd2 f5 16. exf5 Rxf5 17. Bd3 Rf8 18. Rfe1 Ne5 19. Bd4 Bxd5 20. cxd5 Rxf3 21. Bxe5 Rxd3 22. Qxd3 Bxe5 23. a4 Nf6 24. Qh3 Qd7 25. Qxd7 Nxd7 26. Rac1 Bf6 27. Rc8+ Kf7 28. Rc7 Nc5 29. b3 Nxb3 30. Rxb7 Nc5 31. Nc7 Ra8 32. Nxa8 Nxb7 33. Kf1 Nc5 34. Nb6 Bc3 35. Re3 Bd4 36. Rf3+ Ke8 37. Ke2 Be5 38. h3 e6 39. dxe6 Nxe6 40. Kd3 Ke7 41. Nd5+ Kd7 42. Rf7+ Kc6 43. Kc4 h5 44. Re7 1-0

[Event "Krakow MMK"]
[Site "Krakow"]
[Date "2011.08.07"]
[Round "3"]
[White "Brzeski, Maciej"]
[Black "Walter, Stefan1111"]
[Result "1/2-1/2"]
[WhiteElo "2315"]
[BlackElo "2344"]
[PlyCount "84"]
[EventDate "2011.08.06"]
[EventType "tourn"]
[EventRounds "9"]
[EventCountry "POL"]
[EventCategory "4"]
[SourceTitle "CBM 143 Extra"]
[Source "ChessBase"]
[SourceDate "2011.08.29"]
[SourceVersion "1"]
[SourceVersionDate "2011.08.29"]
[SourceQuality "1"]

1. e4 e5 2. Nf3 Nc6 3. Bb5 a6 4. Ba4 Nf6 5. 0-0 Be7 6. Re1 b5 7. Bb3 d6 8. c3 0-0 9. d4 Bg4 10. Be3 exd4 11. cxd4 Na5 12. Bc2 c5 13. h3 Bxf3 14. Qxf3 cxd4 15. Bxd4 Rc8 16. Qd1 Nd7 17. Nc3 Bf6 18. Bxf6 Nxf6 19. Bb3 Re8 20. Qd3 Nxb3 21. axb3 Qb6 22. Red1 h6 23. Qd4 Qb7 24. f3 Rc6 25. Na2 a5 26. Nc3 b4 27. Nb1 d5 28. e5 Nd7 29. f4 Nc5 30. Qxd5 Ne6 31. Qf3 g5 32. Nd2 Nxf4 33. Nc4 Ng6 34. Rxa5 Qc7 35. Rad5 Rce6 36. Rd7 Qc5+ 37. Kh1 Qf8 38. Rf1 R8e7 39. Qd5 Nxe5 40. Rxe7 Qxe7 41. Nxe5 Rxe5 42. Rxf7 Rxd5 1/2-1/2

[Event "Krakow MMK"]
[Site "Krakow"]
[Date "2011.08.07"]
[Round "2"]
[White "Sivuk, Vitaly"]
[Black "Brzeski, Maciej"]
[Result "1/2-1/2"]
[WhiteElo "2422"]
[BlackElo "2315"]
[PlyCount "198"]
[EventDate "2011.08.06"]
[EventType "tourn"]
[EventRounds "9"]
[EventCountry "POL"]
[EventCategory "4"]
[SourceTitle "CBM 143 Extra"]
[Source "ChessBase"]
[SourceDate "2011.08.29"]
[SourceVersion "1"]
[SourceVersionDate "2011.08.29"]
[SourceQuality "1"]

1. Nf3 c5 2. c4 Nc6 3. Nc3 g6 4. e3 Nf6 5. d4 cxd4 6. exd4 d5 7. cxd5 Nxd5 8. Bc4 Nxc3 9. Qb3 Nd5 10. Bxd5 e6 11. Bxc6+ bxc6 12. 0-0 Qd5 13. Bf4 Qxb3 14. axb3 f6 15. Nd2 Kf7 16. Nc4 Bb7 17. Rfc1 Be7 18. Na5 Bc8 19. Rxc6 Rd8 20. Rc7 Rd7 21. Nc4 Rxc7 22. Bxc7 Bb7 23. Bd6 a6 24. f3 Rc8 25. Bxe7 Kxe7 26. Ra4 Bd5 27. Rb4 h5 28. h4 g5 29. Kh2 Rc7 30. Ne3 Bb7 31. Kg3 Rd7 32. Rc4 Bd5 33. Rb4 Bc6 34. hxg5 fxg5 35. Rc4 Bb5 36. Rc5 Kf6 37. d5 exd5 38. Nxd5+ Kg6 39. Nc3 Bd3 40. Kf2 Rd6 41. Ke3 Bf5 42. b4 h4 43. Nd5 Re6+ 44. Kf2 Bd3 45. Ne3 Bb5 46. Rd5 Bc6 47. Rd2 Bb5 48. Nd5 Bc4 49. Nc3 Rb6 50. Rd4 Be6 51. Na4 Rc6 52. Nc5 Bf5 53. Ke3 a5 54. Nb3 Re6+ 55. Kf2 axb4 56. Rxb4 Rf6 57. Nd4 Bd7 58. Rb7 Rd6 59. Ke3 g4 60. fxg4 Bxg4 61. Rb8 Kg7 62. b4 h3 63. gxh3 Bxh3 64. b5 Kf7 65. b6 Bg2 66. Nf5 Rd7 67. Kf4 Ke6 68. Re8+ Kd5 69. Ne3+ Kc5 70. Nxg2 Kxb6 71. Ne3 Kc6 72. Ke5 Rh7 73. Rc8+ Kb5 74. Rb8+ Kc5 75. Nf5 Rh1 76. Rc8+ Kb4 77. Ng3 Re1+ 78. Ne4 Kb5 79. Rc2 Kb6 80. Rb2+ Kc6 81. Rb4 Kc7 82. Kd5 Rd1+ 83. Kc4 Kd7 84. Rb6 Ke7 85. Nc3 Rh1 86. Nd5+ Kf7 87. Kc5 Rh2 88. Rb7+ Ke6 89. Re7+ Kf5 90. Re1 Ra2 91. Ne3+ Ke4 92. Nc4+ Kf4 93. Kd4 Kf5 94. Kd5 Kf6 95. Re6+ Kg5 96. Ne3 Kf4 97. Re4+ Kg5 98. Ke5 Ra5+ 99. Nd5 Ra8 1/2-1/2

[Event "EU-ch rapid"]
[Site "Warsaw"]
[Date "2010.12.18"]
[Round "7"]
[White "Brzeski, Maciej"]
[Black "Grabarczyk, Miroslaw"]
[Result "0-1"]
[WhiteElo "2315"]
[BlackElo "2438"]
[PlyCount "100"]
[EventDate "2010.12.18"]
[EventType "swiss (rapid)"]
[EventRounds "13"]
[EventCountry "POL"]
[SourceTitle "CBM 139 Extra"]
[Source "ChessBase"]
[SourceDate "2011.01.05"]
[SourceVersion "1"]
[SourceVersionDate "2011.01.05"]
[SourceQuality "1"]

1. e4 e5 2. Nf3 Nf6 3. d4 Nxe4 4. Bd3 d5 5. Nxe5 Nd7 6. Nc3 Nxc3 7. bxc3 Nxe5 8. dxe5 Be6 9. Qh5 Qd7 10. Rb1 c6 11. 0-0 g6 12. Qh4 Bg7 13. Ba3 Bxe5 14. f4 Bd6 15. Bxd6 Qxd6 16. f5 gxf5 17. Bxf5 Qe7 18. Qxe7+ Kxe7 19. Rxb7+ Kd6 20. Bxe6 fxe6 21. Rff7 h5 22. Rxa7 Rxa7 23. Rxa7 e5 24. Kf2 e4 25. Ke3 Rg8 26. c4 Rxg2 27. cxd5 cxd5 28. c4 dxc4 29. Kxe4 c3 30. Ra3 c2 31. Rc3 Rxh2 32. a4 h4 33. Kf4 Rg2 34. a5 h3 35. Kf3 Rd2 36. Ke3 h2 37. Kxd2 h1Q 38. Kxc2 Qa1 39. Rd3+ Kc6 40. Rc3+ Kb5 41. Rb3+ Kc4 42. Rh3 Qa2+ 43. Kc1 Qg2 44. Re3 Qf2 45. Ra3 Qe1+ 46. Kc2 Qe2+ 47. Kb1 Kb4 48. Ra2 Qd3+ 49. Ka1 Qc3+ 50. Kb1 Kb3 0-1